Acción del CREFAL en 1973 / (Record no. 293)

MARC details
000 -CABECERA
campo de control de longitud fija 00791nam a2200181 a 4500
005 - FECHA Y HORA DE LA ÚLTIMA TRANSACCIÓN
campo de control 20210223120412.0
008 - ELEMENTOS DE LONGITUD FIJA--INFORMACIÓN GENERAL
campo de control de longitud fija 991125s1973 mx 000 0 spa u
035 ## - NÚMERO DE CONTROL DEL SISTEMA
Número de control de sistema UPN01000000293
049 ## - COLECCIÓN
Colección CG
050 #4 - SIGNATURA TOPOGRÁFICA DE LA BIBLIOTECA DEL CONGRESO
Número de clasificación LC155 A44
Número de documento/Ítem C4.2 1973
110 2# - ASIENTO PRINCIPAL--NOMBRE CORPORATIVO
Nombre de entidad corporativa o nombre de jurisdicción como elemento de entrada Centro Regional de Alfabetización Funcional en las Zonas Rurales de América Latina (México)
245 10 - MENCIÓN DE TÍTULO
Título Acción del CREFAL en 1973 /
Mención de responsabilidad, etc. Centro Regional de Alfabetización Funcional en las Zonas Rurales de América Latina.
260 ## - PUBLICACIÓN, DISTRIBUCIÓN, ETC.
Lugar de publicación, distribución, etc. Pátzcuaro, Mich. :
Nombre del editor, distribuidor, etc. CREFAL,
Fecha de publicación, distribución, etc. 1973.
300 ## - DESCRIPCIÓN FÍSICA
Extensión 64 p. :
Otras características físicas il.
500 ## - NOTA GENERAL
Nota general "Avances teóricos y prácticos de la educación funcional en América Latina"
610 24 - ASIENTO SECUNDARIO DE MATERIA - NOMBRE CORPORATIVO
Nombre de entidad corporativa o nombre de jurisdicción como elemento de entrada CENTRO REGIONAL DE EDUCACION DE ADULTOS Y ALFABETIZACION FUNCIONAL PARA AMERICA LATINA (MEXICO) -
Subdivisión de forma INFORMES
9 (RLIN) 1504
905 ## - TIPO DE MATERIAL
Tipo de material Libro
Holdings
Estado de retiro Estado de pérdida Fuente del sistema de clasificación o colocación Estado dañado No para préstamo Código de colección Localización permanente Ubicación/localización actual Ubicación en estantería Total de préstamos Clasificación Código de barras Fecha visto por última vez Número de copia Tipo de ítem Koha
    Library of Congress Classification     Colección General Bib. Gregorio Torres Quintero Bib. Gregorio Torres Quintero Planta baja   LC155 A44 C4.2 1973 49857 31/12/2020 1 Libro
    Library of Congress Classification     Colección General Bib. Gregorio Torres Quintero Bib. Gregorio Torres Quintero Planta baja 1 LC155 A44 C4.2 1973 49858 31/12/2020 1 Libro